[Event "Medellin Amateur op"]
[Site "Medellin"]
[Date "2011.04.21"]
[Round "3.6"]
[White "Pinzon, Edgar Andres"]
[Black "Adarve, Juaquin"]
[Result "1-0"]
[WhiteElo "1785"]
[BlackElo "1600"]
[PlyCount "39"]
[EventDate "2011.04.20"]
[EventType "swiss"]
[EventRounds "9"]
[EventCountry "COL"]
[SourceTitle "EXT 2024"]
[Source "ChessBase"]
[SourceDate "2023.10.10"]
[SourceVersion "1"]
[SourceVersionDate "2023.10.10"]
[SourceQuality "1"]

1. d4 c5 2. e3 Nf6 3. f4 g6 4. Nf3 Bg7 5. Bd3 cxd4 6. exd4 0-0 7. 0-0 Qb6 8. c3 Nc6 9. Qe1 d6 10. Kh1 Bd7 11. Nbd2 Rae8 12. Qh4 e5 13. fxe5 dxe5 14. Nc4 Qc7 15. Ncxe5 Nh5 16. g4 Bxe5 17. gxh5 Bh8 18. Bh6 Bg7 19. Bxg7 Kxg7 20. h6+ 1-0